[Event "Santa Cruz de Tenerife Autumn op"]
[Site "Santa Cruz de Tenerife"]
[Date "2017.10.11"]
[Round "2"]
[White "Kraus, Oliver"]
[Black "Alessandro, Sergio"]
[Result "1-0"]
[WhiteElo "2046"]
[BlackElo "1628"]
[PlyCount "93"]
[EventDate "2017.10.09"]
[EventType "swiss"]
[EventRounds "9"]
[EventCountry "ESP"]
[SourceTitle "CBM 181 Extra"]
[Source "ChessBase"]
[SourceDate "2017.12.12"]
[SourceVersion "1"]
[SourceVersionDate "2017.12.12"]
[SourceQuality "1"]

1. d4 Nf6 2. Bg5 e6 3. e4 Be7 4. e5 Nd5 5. Bxe7 Qxe7 6. c4 Qb4+ 7. Nd2 Nf4 8. Qc2 Nc6 9. Ngf3 d5 10. g3 Ng6 11. h4 dxc4 12. Bxc4 Nge7 13. 0-0 b5 14. a3 Qa5 15. Bd3 Bb7 16. Ne4 Rd8 17. Nc5 Qb6 18. Nxb7 Qxb7 19. Be4 Qb6 20. Rfd1 Nb8 21. Rac1 c6 22. Qe2 h6 23. Bb1 a5 24. h5 Na6 25. Qe3 Nd5 26. Qe2 c5 27. dxc5 Nxc5 28. Ba2 0-0 29. Bb1 f5 30. exf6 Nxf6 31. Ne5 b4 32. Qc4 Nfe4 33. Bxe4 Nxe4 34. Qxe4 Qxf2+ 35. Kh1 Rxd1+ 36. Rxd1 Qxg3 37. Ng4 e5 38. Nxh6+ gxh6 39. Rg1 Qxg1+ 40. Kxg1 bxa3 41. Qg6+ Kh8 42. Qxh6+ Kg8 43. bxa3 Rf3 44. Qg6+ Kf8 45. h6 e4 46. h7 Rh3 47. Qf5+ 1-0

[Event "Arrecife de Lanzarote op"]
[Site "Arrecife de Lanzarote"]
[Date "2017.06.13"]
[Round "5"]
[White "Alessandro, Sergio"]
[Black "Martinez Mandry, Dylan"]
[Result "1-0"]
[WhiteElo "1709"]
[BlackElo "1167"]
[PlyCount "47"]
[EventDate "2017.06.11"]
[EventType "swiss"]
[EventRounds "9"]
[EventCountry "ESP"]
[SourceTitle "EXT 2019"]
[Source "ChessBase"]
[SourceDate "2018.10.10"]
[SourceVersion "1"]
[SourceVersionDate "2018.10.10"]
[SourceQuality "1"]

1. Nf3 c5 2. g3 d5 3. Bg2 Nc6 4. d4 e6 5. 0-0 Bd6 6. c4 Nxd4 7. Nxd4 cxd4 8. cxd5 exd5 9. Qxd4 Nf6 10. Nc3 Be6 11. Rd1 0-0 12. e4 Qd7 13. e5 Ne8 14. exd6 Nxd6 15. Nxd5 Rad8 16. Bg5 f6 17. Bxf6 Rc8 18. Ne7+ Kf7 19. Nxc8 gxf6 20. Nxd6+ Kg6 21. Be4+ Kg5 22. Qe3+ Kh5 23. Qc5+ Kg4 24. h3+ 1-0

[Event "Ricciardi op 19th"]
[Site "Gallarate"]
[Date "2015.06.09"]
[Round "4"]
[White "Belli, Alessandro"]
[Black "Alessandro, Sergio"]
[Result "0-1"]
[WhiteElo "1511"]
[BlackElo "1666"]
[PlyCount "54"]
[EventDate "2015.05.19"]
[EventType "swiss"]
[EventRounds "6"]
[EventCountry "ITA"]
[SourceTitle "EXT 2017"]
[Source "ChessBase"]
[SourceDate "2016.10.25"]
[SourceVersion "1"]
[SourceVersionDate "2016.10.25"]
[SourceQuality "1"]

1. e4 c5 2. Nf3 d6 3. d4 cxd4 4. Nxd4 Nf6 5. Nc3 a6 6. Be2 b5 7. a3 Bb7 8. f3 Nbd7 9. 0-0 e6 10. Bg5 Be7 11. Qe1 Qb6 12. Qf2 h6 13. Be3 Qc7 14. Bd3 Rc8 15. Rac1 Ne5 16. Nde2 Nc4 17. Bxc4 Qxc4 18. Ng3 b4 19. axb4 Qxb4 20. Rb1 0-0 21. Bd2 Qc5 22. Qxc5 Rxc5 23. Be3 Rc4 24. Rbc1 Rfc8 25. Rf2 Nd7 26. Rd2 Rb4 27. Rb1 Rxc3 0-1